| 000 | 00882nam a2200253 i 4500 | ||
|---|---|---|---|
| 001 | 34969 | ||
| 003 | ES-MaACL | ||
| 005 | 20230906155029.0 | ||
| 007 | t| | ||
| 008 | 030211s1970 sp ||||1| spa d | ||
| 080 | _a726.77(521.73) | ||
| 100 | 0 |
_aFutagawa, Yukio. _953098 |
|
| 245 | 1 | 0 |
_aDaitokuji Katsura / _ctexto: Maria Luisa Borras ; fotos: Jukio Futagawa ; selección y secuencia: J. Prats Vall. |
| 260 |
_a[Barcelona : _bPolígrafa, _c1970] |
||
| 300 |
_a89 p., 4 h. pleg., 158 lám. ; _c21 cm. |
||
| 490 | 1 | _aColección Fotoscop | |
| 594 | _aTexto en español, frances, inglés y alemán. | ||
| 650 | 4 |
_aMonasterios budistas- _zJapón- _vObras ilustradas. _9145853 |
|
| 700 | 1 |
_aPrats Vallès, Joan. _993709 |
|
| 700 | 1 |
_aBorràs, Maria Lluïsa. _9146592 |
|
| 830 | 0 |
_aColección Fotoscop _9229523 |
|
| 852 |
_aES-MaACL _jC-49354 _bR.83265 |
||
| 999 |
_c34969 _d34969 |
||